Návrh a realizácia modulu informačného systému pre veľkosklad

Na minha lista:
Detalhes bibliográficos
Autor principal: Smutný, Martin (Author)
Outros Autores: Tanuška, Pavol (Thesis advisor)
Formato: Manuscrito Livro
Idioma:eslovaco
Publicado em: 2020
Assuntos:
Acesso em linha:http://is.stuba.sk/zp/portal_zp.pl?podrobnosti=151904
Tags: Adicionar Tag
Sem tags, seja o primeiro a adicionar uma tag!

MARC

LEADER 00000ntm a22000003a 4500
001 stuzp78866
003 SK-STU
005 20200704212401.2
007 ta
008 150427s2015----xo-----f-mn---000-0-slo-d
040 |a STU  |b slo 
041 0 |a slo 
100 1 |a Smutný, Martin  |u 066000  |k Z4  |4 aut  |U MTF Materiálovotechnologická fakulta  |T MTF Ústav aplikovanej informatiky, automatizácie a mechatroniky  |X 74805  |U M6000  |Y 86  |7 74805 
242 0 1 |a Development and realization of information system module for warehouse  |y eng 
245 1 0 |a Návrh a realizácia modulu informačného systému pre veľkosklad 
260 |c 2020 
650 4 |a MySQL  |2 slo 
650 4 |a Use case  |2 slo 
650 4 |a Informačný systém  |2 slo 
650 4 |a UML  |2 slo 
650 4 |a BPMN  |2 slo 
650 4 |a Enterprise architect  |2 slo 
650 4 |a PHP  |2 slo 
650 4 |a UML  |2 eng 
650 4 |a PHP  |2 eng 
650 4 |a Information system  |2 eng 
650 4 |a MySQL  |2 eng 
650 4 |a BPMN  |2 eng 
650 4 |a Use case  |2 eng 
650 4 |a Enterprise architect  |2 eng 
700 1 |a Tanuška, Pavol  |u 066000  |k Z1  |4 ths  |U MTF Materiálovotechnologická fakulta  |T MTF Ústav aplikovanej informatiky, automatizácie a mechatroniky  |X 248  |U M6000  |Y 86  |7 A000000248 
856 4 |u http://is.stuba.sk/zp/portal_zp.pl?podrobnosti=151904 
996 |c M* DP-14418  |l MMSKP  |s P  |a 0  |w stuzp78866_0001